Govt. of
Madhya Pradesh

Gently Falls The Bakula (Record no. 66441)

MARC details
000 -LEADER
fixed length control field 00264nam a22001217a 4500
082 ## - DEWEY DECIMAL CLASSIFICATION NUMBER
Classification number 823/MUR
100 ## - MAIN ENTRY--AUTHOR NAME
Personal name Sudha Murty
245 ## - TITLE STATEMENT
Title Gently Falls The Bakula
260 ## - PUBLICATION, DISTRIBUTION, ETC. (IMPRINT)
Place of publication New Delhi
Name of publisher Penguin Books
Year of publication 2008
300 ## - PHYSICAL DESCRIPTION
Number of Pages 169
650 ## - SUBJECT ADDED ENTRY--TOPICAL TERM
Topical Term Fiction
942 ## - ADDED ENTRY ELEMENTS (KOHA)
Koha item type Books
Holdings
Withdrawn status Lost status Damaged status Not for loan Home library Current library Date acquired Cost, normal purchase price Full call number Accession Number Price effective from Koha item type
        MACL MACL 23/12/2023 250.00 823/MUR DPI001886 23/12/2023 Books